[Event "Scarborough CC-ch Reserves"]
[Site "Toronto"]
[Date "2012.03.22"]
[Round "1"]
[White "Lin, Benjamin1111"]
[Black "Smith, Maurice"]
[Result "1/2-1/2"]
[WhiteElo "1310"]
[BlackElo "1468"]
[PlyCount "63"]
[EventDate "2012.03.22"]
[EventType "swiss"]
[EventRounds "9"]
[EventCountry "CAN"]
[SourceTitle "EXT 2022"]
[Source "ChessBase"]
[SourceDate "2021.10.06"]
[SourceVersion "1"]
[SourceVersionDate "2021.10.06"]
[SourceQuality "1"]

1. c4 Nf6 2. d4 c5 3. d5 d6 4. Nc3 g6 5. e4 Bg7 6. Nf3 Nbd7 7. Qc2 0-0 8. Be2 Ng4 9. h3 Nge5 10. Nxe5 Nxe5 11. f4 Nd7 12. 0-0 a6 13. Be3 Qc7 14. a4 b6 15. Qd2 Bb7 16. f5 Rae8 17. fxg6 hxg6 18. Bh6 Ne5 19. Bxg7 Kxg7 20. Rf4 Bc8 21. Raf1 Rh8 22. Qe3 Rh7 23. Rd1 Reh8 24. Bf1 Bd7 25. b3 Qb7 26. Qg3 Rh6 27. Qg5 f6 28. Qg3 Rh5 29. h4 Qc8 30. Be2 R5h6 31. Rdf1 Qe8 32. Kf2 1/2-1/2

[Event "Scarborough CC Howard Ridout U1800"]
[Site "Toronto"]
[Date "2011.09.08"]
[Round "1"]
[White "Smith, Maurice"]
[Black "Frias, Evnato"]
[Result "1-0"]
[WhiteElo "1535"]
[BlackElo "1125"]
[PlyCount "101"]
[EventDate "2011.09.08"]
[EventType "swiss"]
[EventRounds "6"]
[EventCountry "CAN"]
[SourceTitle "EXT 2022"]
[Source "ChessBase"]
[SourceDate "2021.10.06"]
[SourceVersion "1"]
[SourceVersionDate "2021.10.06"]
[SourceQuality "1"]

1. d4 d5 2. c4 e6 3. Nc3 Nf6 4. Bg5 h6 5. Bh4 Be7 6. Nf3 Ne4 7. Bxe7 Qxe7 8. Nxe4 dxe4 9. Nd2 Qb4 10. Qc2 Nc6 11. e3 f5 12. Be2 0-0 13. 0-0 b6 14. Rfd1 Qe7 15. a3 Nd8 16. Rac1 c5 17. Nb3 Bb7 18. dxc5 bxc5 19. Rd2 f4 20. Na5 f3 21. Bf1 Nc6 22. Nxb7 Qh4 23. g3 Qg4 24. Nxc5 Rad8 25. Rcd1 Rxd2 26. Rxd2 Na5 27. b4 Nc6 28. Qxe4 Qxe4 29. Nxe4 Ne5 30. Rd6 Re8 31. Nc5 Kf7 32. Rd4 g5 33. Re4 Kf6 34. Bh3 Rd8 35. Rd4 Rxd4 36. exd4 Nxc4 37. a4 e5 38. Nd7+ Ke7 39. Nxe5 Nb6 40. a5 Nd5 41. Nc6+ Kd6 42. Nxa7 Nxb4 43. Bg4 Kd5 44. Bxf3+ Kxd4 45. Nc6+ Nxc6 46. Bxc6 Kc5 47. Be8 Kd6 48. a6 Kc7 49. Bb5 Kb6 50. f4 gxf4 51. gxf4 1-0

[Event "Scarborough CC Spring Into Summer U1700"]
[Site "Toronto"]
[Date "2011.06.23"]
[Round "8"]
[White "Smith, Maurice"]
[Black "Tismenko, Dennis"]
[Result "1-0"]
[WhiteElo "1577"]
[BlackElo "1448"]
[PlyCount "81"]
[EventDate "2011.04.28"]
[EventType "swiss"]
[EventRounds "9"]
[EventCountry "CAN"]
[SourceTitle "EXT 2022"]
[Source "ChessBase"]
[SourceDate "2021.10.06"]
[SourceVersion "1"]
[SourceVersionDate "2021.10.06"]
[SourceQuality "1"]

1. d4 d5 2. c4 e6 3. Nc3 Nf6 4. Bg5 Nbd7 5. Nf3 Be7 6. e3 a6 7. Bd3 dxc4 8. Bxc4 b5 9. Bd3 Bb7 10. 0-0 0-0 11. Rc1 c5 12. dxc5 Nxc5 13. Be2 Qxd1 14. Rfxd1 Rfd8 15. Ne5 b4 16. Nb1 Nce4 17. Bh4 Rac8 18. f3 Rxd1+ 19. Rxd1 g5 20. Be1 Nd6 21. Bd3 Nf5 22. Bf2 Bc5 23. e4 Bxf2+ 24. Kxf2 Nd4 25. Nc4 Nh5 26. g3 f5 27. Nd6 Rc7 28. Nxb7 Rxb7 29. Bxa6 Ra7 30. Bc4 Rd7 31. Bxe6+ Nxe6 32. Rxd7 fxe4 33. fxe4 Nc5 34. Rd4 Nf6 35. Nd2 Ng4+ 36. Kg1 Ne5 37. Rxb4 Ncd3 38. Rb5 Kf7 39. a4 Kf6 40. a5 Nd7 41. a6 1-0

[Event "Scarborough CC Falling Leaves U1700"]
[Site "Toronto"]
[Date "2010.11.25"]
[Round "5"]
[White "Smith, Maurice"]
[Black "Philip, Andrew"]
[Result "1/2-1/2"]
[WhiteElo "1563"]
[BlackElo "1593"]
[PlyCount "102"]
[EventDate "2010.10.28"]
[EventType "swiss"]
[EventRounds "7"]
[EventCountry "CAN"]
[SourceTitle "EXT 2022"]
[Source "ChessBase"]
[SourceDate "2021.10.06"]
[SourceVersion "1"]
[SourceVersionDate "2021.10.06"]
[SourceQuality "1"]

1. e4 d5 2. exd5 Qxd5 3. Nc3 Qd6 4. d4 Nf6 5. Nf3 c6 6. Be2 Bf5 7. 0-0 Nbd7 8. a3 e6 9. b4 Be7 10. Bb2 0-0 11. Re1 b5 12. h3 a6 13. Bd3 Bxd3 14. Qxd3 Nb6 15. Ne5 Nbd5 16. Qf3 a5 17. Nxd5 cxd5 18. Nd3 Ne4 19. Qe2 Qc6 20. Nc5 Nf6 21. Qd3 Rfe8 22. Bc3 a4 23. Bd2 Nd7 24. Bf4 Nb6 25. Qg3 Bf8 26. Be5 Nc4 27. Bf4 g6 28. Re2 Bg7 29. c3 Ra7 30. Qf3 Qc8 31. Be5 Qd8 32. Bxg7 Kxg7 33. Qf4 Qf6 34. Qxf6+ Kxf6 35. f4 g5 36. Rf2 gxf4 37. Rxf4+ Kg7 38. Rg4+ Kh8 39. Rf4 Rg8 40. Kf2 Rg6 41. g3 Kg7 42. Nd3 Rf6 43. Rxf6 Kxf6 44. Kf3 Kg7 45. g4 Re7 46. h4 f6 47. Nf4 Nd6 48. Nh5+ Kf7 49. Nf4 Ne4 50. Re1 Rc7 51. Ne2 Nd6 1/2-1/2

[Event "Scarborough CC Falling Leaves U1700"]
[Site "Toronto"]
[Date "2010.11.18"]
[Round "4"]
[White "Moffat, Anthony"]
[Black "Smith, Maurice"]
[Result "0-1"]
[WhiteElo "1308"]
[BlackElo "1563"]
[PlyCount "60"]
[EventDate "2010.10.28"]
[EventType "swiss"]
[EventRounds "7"]
[EventCountry "CAN"]
[SourceTitle "EXT 2022"]
[Source "ChessBase"]
[SourceDate "2021.10.06"]
[SourceVersion "1"]
[SourceVersionDate "2021.10.06"]
[SourceQuality "1"]

1. e4 d6 2. Nf3 Nf6 3. Nc3 g6 4. d4 Bg7 5. Bg5 0-0 6. Bd3 Nc6 7. 0-0 Bg4 8. Re1 Nxd4 9. Be2 Nxe2+ 10. Qxe2 h6 11. Bf4 Nd7 12. Qe3 Kh7 13. e5 Bxf3 14. Qxf3 dxe5 15. Bd2 c6 16. Rad1 Qc7 17. Ne4 Rad8 18. Qh3 f6 19. Bb4 c5 20. Bxc5 Nxc5 21. Nxc5 Qxc5 22. Rd3 Rxd3 23. cxd3 Rd8 24. Rd1 e4 25. g3 f5 26. Kg2 Rxd3 27. Re1 Qd5 28. Re3 Rxe3 29. fxe3 Qd2+ 30. Kg1 Qxe3+ 0-1

[Event "Toronto Howard Ridout Swiss U1700"]
[Site "Toronto"]
[Date "2010.10.21"]
[Round "6"]
[White "Smith, Maurice"]
[Black "Aghamalian, Derick"]
[Result "1/2-1/2"]
[WhiteElo "1564"]
[BlackElo "1467"]
[PlyCount "75"]
[EventDate "2010.09.09"]
[EventType "swiss"]
[EventRounds "6"]
[EventCountry "CAN"]
[SourceTitle "EXT 2022"]
[Source "ChessBase"]
[SourceDate "2021.10.06"]
[SourceVersion "1"]
[SourceVersionDate "2021.10.06"]
[SourceQuality "1"]

1. d4 d5 2. c4 e6 3. Nc3 Nf6 4. Bg5 Nbd7 5. Nf3 c6 6. e3 Be7 7. Bd3 0-0 8. 0-0 b6 9. cxd5 cxd5 10. Rc1 Bb7 11. Qe2 Rc8 12. h3 Nh5 13. Bxe7 Qxe7 14. Nb5 a6 15. Nc3 a5 16. a3 Nhf6 17. Rc2 Rfd8 18. Rfc1 h6 19. Nb5 Ne8 20. Rxc8 Rxc8 21. Rxc8 Bxc8 22. Qc2 Bb7 23. Nc7 Nd6 24. Nb5 Nf6 25. Nxd6 Qxd6 26. Ne5 Nd7 27. Bh7+ Kf8 28. Nxd7+ Qxd7 29. Bd3 Qc6 30. Qxc6 Bxc6 31. Kf1 Ke7 32. Ke2 Bd7 33. Kd2 Kd6 34. Kc3 Kc7 35. b4 axb4+ 36. Kxb4 Kd6 37. f3 Bc6 38. Bb5 1/2-1/2

[Event "Scarborough CC LH Summer U1700"]
[Site "Toronto"]
[Date "2010.06.10"]
[Round "6"]
[White "Smith, Maurice"]
[Black "Roy, Lawrence"]
[Result "1-0"]
[WhiteElo "1648"]
[BlackElo "760"]
[PlyCount "47"]
[EventDate "2010.04.29"]
[EventType "swiss"]
[EventRounds "8"]
[EventCountry "CAN"]
[SourceTitle "EXT 2022"]
[Source "ChessBase"]
[SourceDate "2021.10.06"]
[SourceVersion "1"]
[SourceVersionDate "2021.10.06"]
[SourceQuality "1"]

1. d4 d5 2. c4 dxc4 3. Nc3 Nf6 4. Nf3 e6 5. Bf4 Bb4 6. Bd2 0-0 7. e3 Re8 8. Bxc4 Bd6 9. 0-0 e5 10. Qb3 Be6 11. Rfd1 Re7 12. Be1 Bg4 13. dxe5 Bxe5 14. Rxd8+ Ne8 15. Bxf7+ Kf8 16. Bxe8 g6 17. Nxe5 Kg7 18. Ne4 Rxe5 19. Bc3 Kh6 20. Bxe5 Nc6 21. Bf4+ Kh5 22. Nf6+ Kh4 23. e4 Nxd8 24. Qg3# 1-0

[Event "Scarborough CC LH Summer U1700"]
[Site "Toronto"]
[Date "2010.05.13"]
[Round "2"]
[White "Song, Lin"]
[Black "Smith, Maurice"]
[Result "1/2-1/2"]
[WhiteElo "1448"]
[BlackElo "1648"]
[PlyCount "96"]
[EventDate "2010.04.29"]
[EventType "swiss"]
[EventRounds "8"]
[EventCountry "CAN"]
[SourceTitle "EXT 2022"]
[Source "ChessBase"]
[SourceDate "2021.10.06"]
[SourceVersion "1"]
[SourceVersionDate "2021.10.06"]
[SourceQuality "1"]

1. e4 c5 2. Nf3 d6 3. d4 cxd4 4. Nxd4 Nf6 5. Nc3 g6 6. Be3 Bg7 7. f3 0-0 8. Qd2 Bd7 9. 0-0-0 Nc6 10. Nxc6 Bxc6 11. Bh6 Rc8 12. Bxg7 Kxg7 13. g4 Qa5 14. a3 b5 15. Nxb5 Qb6 16. Qd4 Bxb5 17. Qxb6 axb6 18. Bxb5 Rc5 19. Bd3 Rfc8 20. h4 h5 21. g5 Nd7 22. Rh2 Ne5 23. Rf2 R8c7 24. Rdd2 Nxd3+ 25. Rxd3 Rc8 26. Rd5 Rc4 27. Rb5 R4c6 28. c3 Ra8 29. Rd2 Ra4 30. Kd1 Ra8 31. Rd4 Ra7 32. Rdb4 Ra6 33. Kd2 e6 34. f4 Kf8 35. Kd3 Ke7 36. f5 Kd7 37. fxg6 fxg6 38. Rd4 Ra8 39. e5 d5 40. c4 Rxc4 41. Rxc4 dxc4+ 42. Kxc4 Rc8+ 43. Kd4 Kc6 44. Rb3 Rf8 45. Rc3+ Kd7 46. Ke4 Rf2 47. Rb3 Kc6 48. Re3 Rh2 1/2-1/2

[Event "Scarborough CC-ch Reserves U1700"]
[Site "Toronto"]
[Date "2010.03.11"]
[Round "3"]
[White "Smith, Maurice"]
[Black "Walker, Johnny"]
[Result "0-1"]
[WhiteElo "1639"]
[BlackElo "1503"]
[PlyCount "72"]
[EventDate "2010.02.25"]
[EventType "swiss"]
[EventRounds "9"]
[EventCountry "CAN"]
[SourceTitle "EXT 2022"]
[Source "ChessBase"]
[SourceDate "2021.10.06"]
[SourceVersion "1"]
[SourceVersionDate "2021.10.06"]
[SourceQuality "1"]

1. e4 d6 2. d4 Nf6 3. Nc3 Nbd7 4. Nf3 e5 5. dxe5 dxe5 6. Bc4 h6 7. 0-0 Be7 8. Qe2 c6 9. Rd1 Qc7 10. h3 0-0 11. Be3 Re8 12. a3 Nc5 13. Bc1 Bd7 14. b4 Ne6 15. Be3 Bf8 16. Rd2 Nf4 17. Bxf4 exf4 18. Rad1 Rad8 19. Nd4 a5 20. Rb1 axb4 21. axb4 Qb6 22. b5 c5 23. Nf3 Bf5 24. Rxd8 Qxd8 25. Rd1 Qa5 26. Nd5 Nxe4 27. Qf1 Nd6 28. Ra1 Qd8 29. b6 Nxc4 30. Qxc4 Be6 31. Rd1 Bxd5 32. Rxd5 Qxb6 33. Rf5 Qe6 34. Qxf4 Bd6 35. Qg4 Qe1+ 36. Nxe1 Rxe1# 0-1

[Event "Scarborough CC Frost U1700"]
[Site "Toronto"]
[Date "2010.01.21"]
[Round "3"]
[White "Smith, Maurice"]
[Black "Dattani, Dinesh"]
[Result "1-0"]
[WhiteElo "1647"]
[BlackElo "1407"]
[PlyCount "33"]
[EventDate "2010.01.07"]
[EventType "swiss"]
[EventRounds "6"]
[EventCountry "CAN"]
[SourceTitle "EXT 2011"]
[Source "ChessBase"]
[SourceDate "2010.11.26"]
[SourceVersion "1"]
[SourceVersionDate "2010.11.26"]
[SourceQuality "1"]

1. d4 Nf6 2. c4 e6 3. Nf3 d5 4. Bg5 Nbd7 5. Nc3 c6 6. e3 Be7 7. Bd3 dxc4 8. Bxc4 b5 9. Bd3 0-0 10. 0-0 Bb7 11. Rc1 a6 12. Qe2 c5 13. dxc5 Nxc5 14. Bb1 b4 15. Bxf6 Bxf6 16. Qc2 bxc3 17. Qxh7# 1-0